| 000 | 01480cam a2200349 a 4500 | ||
|---|---|---|---|
| 001 | 14822466 | ||
| 005 | 20071121103418.0 | ||
| 008 | 070425s2007 enka | b 001 0 eng d | ||
| 010 | _a 2007296628 | ||
| 015 |
_aGBA687546 _2bnb |
||
| 016 | 7 |
_a013578015 _2Uk |
|
| 020 | _a9780199207435 (hbk.) | ||
| 035 | _a(OCoLC)ocm73954010 | ||
| 035 | _a(OCoLC)73954010 | ||
| 040 |
_aUKM _cUKM _dBAKER _dBWKUK _dYDXCP _dDLC |
||
| 042 | _alccopycat | ||
| 050 | 0 | 0 |
_aJZ6300 _b.Z38 2007 |
| 082 | 0 | 4 |
_a327.1 _222 _bZAU |
| 100 | 1 |
_aZaum, Dominik. _915798 |
|
| 245 | 1 | 4 |
_aThe Sovereignty Paradox : _bThe Norms and Politics of International Statebuilding / _cDominik Zaum. |
| 260 |
_aOxford : _bOxford University Press, _cc2007. |
||
| 300 |
_axiv, 282 p. : _bill. ; _c24 cm. |
||
| 504 | _aIncludes bibliographical references and index. | ||
| 541 | _aBacca ; | ||
| 650 | 0 |
_aNation-building. _915799 |
|
| 650 | 0 |
_aSovereignty. _915800 |
|
| 856 | 4 | 2 |
_3Contributor biographical information _uhttp://www.loc.gov/catdir/enhancements/fy0723/2007296628-b.html |
| 856 | 4 | 2 |
_3Publisher description _uhttp://www.loc.gov/catdir/enhancements/fy0723/2007296628-d.html |
| 942 |
_2ddc _cBB |
||
| 999 |
_c14357 _d14357 |
||